00336nam a2200121 a 4500008004100000050001600041100002000057245004100077246003000118260003700148300002000185350000900205120416s1976 ||||||||||||||||| || u aHD 2329 Bat aBates, Robert H10aRural responses to industrialization aa study of village Zambia aNew HavenbYale Universityc1976 ax, 380p. : ill. a0.00